It looks like you're offline.
Open Library logo
additional options menu

MARC record from Internet Archive

LEADER: 02171cam 2200397 a 4500
001 ocn534122430
003 OCoLC
005 20221117082811.0
008 100228s2010 njua b 001 0 eng
040 $aSINPL$beng$cSINPL$dYDXCP$dUKM$dNTE$dOCLCF$dOCLCQ$dAEHBU$dOCLCQ$dOCLCO
015 $aGBB0A9321$2bnb
016 7 $a015370535$2Uk
019 $a319498202$a664321492
020 $a9780470414415$q(ISE)
020 $a0470414413$q(ISE)
035 $a(OCoLC)534122430$z(OCoLC)319498202$z(OCoLC)664321492
050 14 $aTP155.7
082 04 $a660.2812$222
245 00 $aProduct and process design principles :$bsynthesis, analysis, and evaluation /$cWarren D. Seider [and others].
250 $a3rd ed., international student version.
260 $aHoboken, NJ :$bJohn Wiley & Sons,$c©2010.
300 $axxxvi, 728 pages :$billustrations ;$c29 cm
336 $atext$btxt$2rdacontent
337 $aunmediated$bn$2rdamedia
338 $avolume$bnc$2rdacarrier
504 $aIncludes bibliographical references and indexes.
520 $aArmed with this book, chemical engineers will have a collection of modern strategies for the design of chemical products and processes. It emphasizes a systematic approach and integrates product design more thoroughly throughout the chapters. New case studies on process design are included to make the concepts more relevant. The social aspects and economics of product design are introduced, and the Stage-Gate Product Development Process is explored in parallel tracks for several chemical products. The accompanying registration card grants access to a companion website that also provides chemical engineers with numerous examples of the simulator input and output, with frame-by-frame instructions to discuss the nature of the models provided for the processing units.
650 0 $aChemical processes.
650 6 $aProcédés chimiques.
650 7 $aChemical processes.$2fast$0(OCoLC)fst00853156
700 1 $aSeider, Warren D.
938 $aYBP Library Services$bYANK$n100517529
029 1 $aAU@$b000046535630
029 1 $aHEBIS$b228475481
994 $aZ0$bGTX
948 $hNO HOLDINGS IN GTX - 39 OTHER HOLDINGS